000
00338nam a2200133Ia 4500
008
240624s9999 xx 000 0 und d
041
_a
eng
082
_a
920 IVE
100
_a
IYENGAR UMA
245
_a
OXFORD INDIA NEHRU
260
_c
2007
_a
New Delhi
_b
Oxford University press
300
_a
xxiii, : 758 : p. : cm. ; 22
365
_c
RS
_b
30
999
_c
7996
_d
7996